[Event "48th Bosna it"]
[Site "Sarajevo BIH"]
[Date "2018.05.08"]
[Round "6.6"]
[White "Krishna, C. R. G."]
[Black "Kurajica, Bojan"]
[Result "1/2-1/2"]
[WhiteElo "2416"]
[BlackElo "2516"]
[EventDate "2018.05.05"]
[PlyCount "81"]

1.d4 Nf6 2.c4 e6 3.g3 Bb4+ 4.Bd2 a5 5.Bg2 O-O 6.Nf3 d5 7.O-O b6 8.Bg5 Be7 
9.Nc3 Bb7 10.Ne5 Na6 11.Qa4 c5 12.cxd5 exd5 13.Bxf6 Bxf6 14.Nd7 cxd4 15.
Nxd5 Bxd5 16.Bxd5 Ra7 17.Nxf6+ Qxf6 18.Rfd1 d3 19.exd3 Qxb2 20.Rab1 Qf6 
21.a3 Rd8 22.Qc6 Qd4 23.Re1 g6 24.Bc4 Nc5 25.Qxb6 Rad7 26.Rb5 Nxd3 27.Qxd4
Rxd4 28.Bxd3 Rxd3 29.Rxa5 Rb8 30.Re4 Rbb3 31.a4 Rd7 32.Rf4 Ra3 33.Ra8+ Kg7
34.a5 Ra2 35.g4 h6 36.Kg2 Rc7 37.h4 Rd7 38.Kg3 Rc7 39.Rf3 Ra4 40.Rf4 Ra3+ 
41.Rf3 1/2-1/2

[Event "48th Bosna it"]
[Site "Sarajevo BIH"]
[Date "2018.05.08"]
[Round "6.7"]
[White "Kadric, Denis"]
[Black "Ivic, Velimir"]
[Result "0-1"]
[WhiteElo "2500"]
[BlackElo "2405"]
[EventDate "2018.05.05"]
[PlyCount "132"]

1.e4 c5 2.Nc3 Nc6 3.Nge2 d6 4.d4 cxd4 5.Nxd4 Nf6 6.Bc4 e6 7.Bb3 a6 8.O-O 
Be7 9.f4 O-O 10.Kh1 Qc7 11.f5 Nxd4 12.Qxd4 Bd7 13.Bg5 e5 14.Qd3 Bc6 15.
Rad1 Rad8 16.Qg3 Nh5 17.Qh4 Bxg5 18.Qxh5 Qe7 19.Rd3 h6 20.Qg4 Kh7 21.a3 
Rd7 22.Rh3 Rc7 23.Rd1 Bf6 24.Qe2 Rd8 25.Bd5 Bg5 26.Bxc6 bxc6 27.Qxa6 d5 
28.exd5 cxd5 29.Qe2 Qc5 30.b4 Qc4 31.Qxc4 Rxc4 32.g4 Rdc8 33.Nxd5 Rxc2 34.
b5 Rb2 35.b6 Rd8 36.Rh5 Rxb6 37.Rxg5 Rbd6 38.Rh5 Rxd5 39.Rxd5 Rxd5 40.g5 
e4 41.f6 Kg8 42.fxg7 hxg5 43.h4 f6 44.hxg5 fxg5 45.Rh8+ Kxg7 46.Re8 Rd4 
47.Kg2 Ra4 48.Kf2 Kf7 49.Re5 Kf6 50.Re8 Kf5 51.Rf8+ Kg4 52.Re8 Rxa3 53.
Rxe4+ Kh3 54.Re5 Rg3 55.Kf1 Rg2 56.Re8 g4 57.Re3+ Kh2 58.Re4 Rg1+ 59.Ke2 
g3 60.Rh4+ Kg2 61.Rg4 Ra1 62.Rg8 Ra7 63.Re8 Rf7 64.Ke1 Kg1 65.Ke2 g2 66.
Re6 Rh7 0-1

[Event "48th Bosna it"]
[Site "Sarajevo BIH"]
[Date "2018.05.08"]
[Round "6.8"]
[White "Eric, Jovana"]
[Black "Cvitan, Ognjen"]
[Result "0-1"]
[WhiteElo "2301"]
[BlackElo "2487"]
[EventDate "2018.05.05"]
[PlyCount "80"]

1.e4 c5 2.Nf3 g6 3.d4 cxd4 4.Nxd4 Nc6 5.Nc3 Bg7 6.Be3 Nf6 7.Bc4 O-O 8.Bb3 
d6 9.f3 Bd7 10.Qd2 Rc8 11.g4 a5 12.a4 Nxd4 13.Bxd4 Be6 14.Nd5 Nxd5 15.Bxg7
Kxg7 16.exd5 Bd7 17.h4 f6 18.h5 g5 19.h6+ Kh8 20.Kf2 Qb6+ 21.Kg3 Rf7 22.
Rae1 Rcf8 23.Re4 f5 24.Qc3+ Kg8 25.gxf5 Bxf5 26.Re3 Rc8 27.Qd2 Bxc2 28.
Rhe1 Bg6 29.Rc3 Rxc3 30.Qxc3 Qd8 31.Qe3 Qf8 32.Rh1 Rf5 33.Bc2 Re5 34.Be4 
Qf6 35.Rc1 Bxe4 36.Rc8+ Kf7 37.fxe4 Qxh6 38.Qf3+ Qf6 39.Qh5+ Kg7 40.Qg4 
Qf1 0-1

[Event "48th Bosna it"]
[Site "Sarajevo BIH"]
[Date "2018.05.08"]
[Round "6.9"]
[White "Runic, Zoran"]
[Black "Yilmaz, Mustafa"]
[Result "0-1"]
[WhiteElo "2408"]
[BlackElo "2621"]
[EventDate "2018.05.05"]
[PlyCount "45"]

1.e4 c5 2.Nf3 d6 3.c3 Nf6 4.Bd3 Bg4 5.h3 Bh5 6.Bc2 Nc6 7.d3 e6 8.Nbd2 Be7 
9.Nf1 h6 10.g4 Bg6 11.Ng3 Rc8 12.Qe2 d5 13.Ba4 c4 14.dxc4 Nxe4 15.cxd5 
exd5 16.Nxe4 Bxe4 17.Be3 O-O 18.Bc2 Re8 19.Bxe4 dxe4 20.Nd4 Ne5 21.O-O-O 
Qa5 22.Kb1 Bf8 23.h4 0-1

[Event "48th Bosna it"]
[Site "Sarajevo BIH"]
[Date "2018.05.08"]
[Round "6.10"]
[White "Arapovic, Vitomir"]
[Black "Schreiner, Peter"]
[Result "0-1"]
[WhiteElo "2329"]
[BlackElo "2473"]
[EventDate "2018.05.05"]
[PlyCount "85"]

1.e4 c5 2.Nc3 a6 3.g3 b5 4.Bg2 Bb7 5.d3 e6 6.f4 d5 7.e5 h5 8.h4 Ne7 9.Be3 
Nf5 10.Bf2 Nc6 11.Nf3 d4 12.Ne4 Nb4 13.Bh3 Be7 14.O-O Nd5 15.Bxf5 exf5 16.
Neg5 Qb6 17.Kh2 Qc6 18.Rg1 Nc7 19.Ne1 Bxg5 20.hxg5 Ne6 21.Ng2 g6 22.Nh4 
Kf8 23.b3 Kg7 24.a4 c4 25.Be1 Qd5 26.bxc4 bxc4 27.Bb4 cxd3 28.cxd3 Rhc8 
29.Be7 Rc7 30.Bf6+ Kh7 31.Nxf5 Rac8 32.Ne7 Rc2+ 33.Kh3 Qd7 34.f5 R8c3 35.
Rb1 Be4 36.Rb8 Bxf5+ 37.g4 Bxg4+ 38.Kg3 Ng7 39.Qf1 Rd2 40.Rg2 Rdxd3+ 41.
Kh2 Ne8 42.Qf4 Qxa4 43.Rf2 0-1

[Event "48th Bosna it"]
[Site "Sarajevo BIH"]
[Date "2018.05.08"]
[Round "6.12"]
[White "Tratar, Marko"]
[Black "Ozen, Bahadir"]
[Result "1/2-1/2"]
[WhiteElo "2456"]
[BlackElo "2295"]
[EventDate "2018.05.05"]
[PlyCount "113"]

1.c4 g6 2.e4 Bg7 3.d4 Nc6 4.Ne2 e5 5.d5 Nce7 6.d6 cxd6 7.Qxd6 f5 8.Ng3 f4 
9.Ne2 Nc6 10.Nbc3 Bf8 11.Qd3 Bc5 12.a3 Qb6 13.Nd1 Nf6 14.b4 Be7 15.g3 d6 
16.gxf4 exf4 17.Bxf4 Ng4 18.Bg2 Nce5 19.Qc2 O-O 20.h3 g5 21.Bg3 Nf6 22.c5 
Qa6 23.Bxe5 dxe5 24.Ne3 Nh5 25.Ng3 Nf4 26.Bf1 Qg6 27.Ngf5 Bf6 28.Rg1 h5 
29.f3 Rd8 30.Rd1 Be6 31.Rh1 Kh7 32.Rh2 Qg8 33.Bc4 Rxd1+ 34.Kxd1 a5 35.b5 
Rc8 36.Bxe6 Nxe6 37.c6 Nd4 38.Nxd4 exd4 39.Nd5 Be5 40.Ne7 d3 41.Qxd3 Rd8 
42.Nxg8 Rxd3+ 43.Rd2 Rxd2+ 44.Kxd2 bxc6 45.Ne7 cxb5 46.Nc6 Bd6 47.Nxa5 
Bxa3 48.Nc6 Bc5 49.Kd3 Kg6 50.Ne5+ Kg7 51.Nd7 Bf2 52.Kc3 Be1+ 53.Kd4 b4 
54.Kc4 Kf7 55.Nc5 Kf6 56.Kd5 Bc3 57.Kc4 1/2-1/2

[Event "48th Bosna it"]
[Site "Sarajevo BIH"]
[Date "2018.05.08"]
[Round "6.13"]
[White "Drasko, Milan"]
[Black "Hadzovic, Amir"]
[Result "1/2-1/2"]
[WhiteElo "2449"]
[BlackElo "2287"]
[EventDate "2018.05.05"]
[PlyCount "89"]

1.Nf3 Nf6 2.g3 d5 3.Bg2 Bf5 4.O-O Nc6 5.d4 e6 6.c4 Be7 7.cxd5 exd5 8.Nc3 
Ne4 9.Qb3 Nb4 10.Ne1 a5 11.a3 a4 12.Nxa4 Nc6 13.e3 Na5 14.Qd1 c6 15.f3 Nf6
16.b3 h5 17.Nd3 Nxb3 18.Qxb3 Bxd3 19.Qxd3 Rxa4 20.Rd1 h4 21.g4 h3 22.Bf1 
Bd6 23.Qc2 Ra8 24.Rb1 Qd7 25.Bd3 Qe7 26.Rb3 Rh4 27.Kh1 g6 28.a4 Kf8 29.Bd2
Kg7 30.Rdb1 Rb8 31.Bf1 Qd7 32.Be1 Rhh8 33.Be2 Qc7 34.Qb2 Qe7 35.Bf2 b5 36.
Qc2 Rhc8 37.axb5 cxb5 38.Qd3 b4 39.Bf1 Rh8 40.Rc1 Ra8 41.Rcb1 Ra2 42.R1b2 
Rxb2 43.Rxb2 Qc7 44.Be1 Qe7 45.Bd2 1/2-1/2

[Event "48th Bosna it"]
[Site "Sarajevo BIH"]
[Date "2018.05.08"]
[Round "6.14"]
[White "Aleksic, Neven"]
[Black "Kalezic, Blazo"]
[Result "1/2-1/2"]
[WhiteElo "2154"]
[BlackElo "2463"]
[EventDate "2018.05.05"]
[PlyCount "37"]

1.d4 c5 2.d5 e5 3.e4 d6 4.Nc3 Be7 5.Nge2 a6 6.a4 Nd7 7.Ng3 g6 8.Be2 Bg5 9.
Bxg5 Qxg5 10.Qd2 Qe7 11.Nf1 Ngf6 12.Qh6 Qf8 13.Qd2 h5 14.Ne3 Qh6 15.Nc4 
Qxd2+ 16.Kxd2 Ke7 17.h4 Ne8 18.g3 Rb8 19.a5 1/2-1/2

[Event "48th Bosna it"]
[Site "Sarajevo BIH"]
[Date "2018.05.08"]
[Round "6.15"]
[White "Shah, Rishab"]
[Black "Manea, Alexandru"]
[Result "0-1"]
[WhiteElo "2084"]
[BlackElo "2402"]
[EventDate "2018.05.05"]
[PlyCount "42"]

1.e4 Nf6 2.e5 Nd5 3.d4 d6 4.Nf3 dxe5 5.Nxe5 c6 6.Be2 Bf5 7.c3 Nd7 8.Nxd7 
Qxd7 9.O-O e6 10.Nd2 Be7 11.Re1 O-O 12.Nf3 Rfd8 13.Bf1 c5 14.Be3 Qc7 15.
Ne5 Bd6 16.Qh5 Nxe3 17.Rxe3 Bxe5 18.dxe5 Rd2 19.Rd1 Bg6 20.Qf3 Rxb2 21.Bd3
Rd8 {

[Event "48th Bosna it"]
[Site "Sarajevo BIH"]
[Date "2018.05.08"]
[Round "6.16"]
[White "Nenezic, Danilo"]
[Black "Marjanovic, Dejan"]
[Result "0-1"]
[WhiteElo "2116"]
[BlackElo "2391"]
[EventDate "2018.05.05"]
[PlyCount "130"]

1.e4 d6 2.d4 Nf6 3.Nc3 Nbd7 4.Nf3 e5 5.Bc4 Be7 6.O-O O-O 7.Qe2 c6 8.a4 Qc7
9.h3 b6 10.d5 Bb7 11.dxc6 Bxc6 12.Rd1 Rad8 13.Nh2 Nc5 14.Bd5 Kh8 15.Nf1 
Nxd5 16.Nxd5 Qb7 17.Ng3 Bxd5 18.exd5 f5 19.Ra3 g6 20.c4 Bf6 21.Bd2 Rc8 22.
Bc3 Qe7 23.f3 Rce8 24.a5 e4 25.Bxf6+ Qxf6 26.axb6 axb6 27.b4 exf3 28.Qxf3 
Nd7 29.Ra7 Ne5 30.Qf4 Rc8 31.c5 bxc5 32.bxc5 dxc5 33.Rb1 Kg8 34.Rbb7 Rf7 
35.Rxf7 Nxf7 36.Ra4 Qe5 37.Qxe5 Nxe5 38.Ne2 Rb8 39.Ra7 Nd3 40.Rc7 f4 41.
Nc3 Rd8 42.Ne4 Kf8 43.d6 Ne5 44.Rxc5 Nf7 45.Rd5 Re8 46.Nc5 Nd8 47.Kf2 Re3 
48.h4 h6 49.Rd4 g5 50.hxg5 hxg5 51.Rd5 Nf7 52.Rf5 Re8 53.Nb7 Re5 54.Rxf7+ 
Kxf7 55.d7 Rd5 56.d8=Q Rxd8 57.Nxd8+ Kf6 58.Nc6 Kf5 59.Ne7+ Ke4 60.Ng8 g4 
61.Nh6 g3+ 62.Ke2 f3+ 63.gxf3+ Kf4 64.Ng4 g2 65.Nf2 Kg3 0-1

[Event "48th Bosna it"]
[Site "Sarajevo BIH"]
[Date "2018.05.08"]
[Round "6.17"]
[White "Nestorovic, Lazar"]
[Black "Medancic, Rikard"]
[Result "1/2-1/2"]
[WhiteElo "2370"]
[BlackElo "2164"]
[EventDate "2018.05.05"]
[PlyCount "103"]

1.e4 e5 2.Bc4 Nf6 3.Qe2 Nc6 4.Nf3 Be7 5.d4 d6 6.dxe5 Nxe5 7.Nxe5 dxe5 8.
O-O c6 9.Rd1 Qc7 10.Nd2 O-O 11.Nf1 b5 12.Bb3 Bg4 13.f3 Be6 14.Be3 Nd7 15.
Bxe6 fxe6 16.Qf2 Nf6 17.Qg3 c5 18.a4 b4 19.b3 c4 20.bxc4 Bc5 21.Qe1 a5 22.
g3 Nd7 23.Kg2 Bxe3 24.Qxe3 Nc5 25.Nd2 Rfd8 26.Qg5 Rd4 27.Nf1 Qd8 28.Qxd8+ 
Raxd8 29.Rxd4 Rxd4 30.Kf2 Rxc4 31.Ne3 Rc3 32.Ke2 Kf8 33.h4 Ke7 34.Kd2 h5 
35.Rg1 Nxa4 36.g4 hxg4 37.Rxg4 Kf6 38.Rg5 Nb6 39.Ng4+ Ke7 40.Nxe5 a4 41.
Rxg7+ Kf6 42.Rb7 Kxe5 43.Rxb6 Rxf3 44.Rxb4 a3 45.h5 Rh3 46.Ra4 Kf4 47.c3 
Rxh5 48.e5+ Kf5 49.Rxa3 Rh2+ 50.Kd3 Kxe5 51.Kc4 Kf4 52.Ra1 1/2-1/2

[Event "48th Bosna it"]
[Site "Sarajevo BIH"]
[Date "2018.05.08"]
[Round "6.18"]
[White "Maksimovic, Masa"]
[Black "Nestorovic, Dejan"]
[Result "0-1"]
[WhiteElo "2087"]
[BlackElo "2364"]
[EventDate "2018.05.05"]
[PlyCount "100"]

1.e4 c5 2.Nf3 e6 3.d4 cxd4 4.Nxd4 Nf6 5.Nc3 d6 6.Be2 Be7 7.O-O a6 8.f4 Qc7
9.Be3 O-O 10.Kh1 b5 11.Bf3 Bb7 12.e5 dxe5 13.fxe5 Nfd7 14.Bxb7 Qxb7 15.Bf4
b4 16.Qg4 Kh8 17.Nce2 Nc6 18.Qf3 Rac8 19.Rad1 Nc5 20.Bg3 Kg8 21.Qg4 Nxd4 
22.Rxd4 Na4 23.Bf4 Kh8 24.Bg5 Rxc2 25.Bxe7 Qxe7 26.Rxb4 Rxe2 27.Rxa4 Rxb2 
28.h3 Qb7 29.Qf3 Qxf3 30.Rxf3 Rb6 31.Rd3 g6 32.Rd6 Rb5 33.Raxa6 Rxe5 34.a4
Kg7 35.Rd2 Rc8 36.Ra7 Rc3 37.Rd4 h5 38.Rf4 Rf5 39.Rxf5 gxf5 40.Kg1 Rc2 41.
a5 Ra2 42.a6 f4 43.Ra8 Kf6 44.a7 e5 45.Kf1 Kf5 46.Kg1 h4 47.Rh8 Rxa7 48.
Rxh4 Ke4 49.g3 Kf3 50.gxf4 e4 0-1

[Event "48th Bosna it"]
[Site "Sarajevo BIH"]
[Date "2018.05.08"]
[Round "6.20"]
[White "Alaz, Ahmet Efekan"]
[Black "Burovic, Rijad"]
[Result "0-1"]
[WhiteElo "2072"]
[BlackElo "2331"]
[EventDate "2018.05.05"]
[PlyCount "116"]

1.d4 Nf6 2.Nf3 g6 3.Nc3 d5 4.Bf4 Bg7 5.e3 a6 6.Be2 O-O 7.O-O Nbd7 8.Ne5 c5
9.Bf3 e6 10.Re1 cxd4 11.exd4 Nxe5 12.Bxe5 Bd7 13.Ne2 b5 14.Nc1 Bc6 15.Nd3 
Nd7 16.Bxg7 Kxg7 17.Ne5 Qb6 18.Qd2 Nxe5 19.Rxe5 Rac8 20.Rae1 b4 21.h4 Ba4 
22.b3 Bd7 23.Bd1 a5 24.Rh5 Rh8 25.Rg5 Rc3 26.Re3 Rxe3 27.Qxe3 Rc8 28.Qd2 
Qd8 29.h5 h6 30.Rg3 g5 31.f4 f6 32.fxg5 hxg5 33.Qd3 Be8 34.Re3 Rc3 35.Qd2 
Rxe3 36.Qxe3 Qb6 37.Kf2 e5 38.dxe5 Qxe3+ 39.Kxe3 fxe5 40.g4 Bc6 41.Be2 Kf6
42.Kd3 Bb5+ 43.Kd2 Bd7 44.Kd3 Be6 45.Bd1 Bg8 46.c4 Bh7+ 47.Kd2 d4 48.Be2 
e4 49.c5 e3+ 50.Kd1 Be4 51.Bb5 d3 52.Ke1 Ke5 53.h6 Kd5 54.Ba6 Kxc5 55.Bb7 
Bxb7 56.h7 d2+ 57.Ke2 Bf3+ 58.Kxe3 d1=Q 0-1

[Event "48th Bosna it"]
[Site "Sarajevo BIH"]
[Date "2018.05.08"]
[Round "6.21"]
[White "Jakupovic, Neven"]
[Black "Sesar, Ivan"]
[Result "1/2-1/2"]
[WhiteElo "2324"]
[BlackElo "2122"]
[EventDate "2018.05.05"]
[PlyCount "63"]

1.d4 Nf6 2.c4 e6 3.Nf3 b6 4.a3 Bb7 5.Nc3 d5 6.cxd5 Nxd5 7.e3 Be7 8.Bd3 O-O
9.O-O c5 10.e4 Nxc3 11.bxc3 Nd7 12.Bf4 Qc8 13.h4 Ba6 14.e5 Bxd3 15.Qxd3 
Re8 16.h5 h6 17.Nh2 Qc6 18.Ng4 Bf8 19.Rfe1 Rac8 20.Re3 cxd4 21.cxd4 Qc2 
22.Qb5 Qf5 23.Rg3 Qxf4 24.Qxd7 Be7 25.Qxa7 Qxd4 26.Rb1 Bg5 27.Qxb6 Qxb6 
28.Rxb6 Rc1+ 29.Kh2 Bf4 30.Nf6+ Kf8 31.Nxe8 Kxe8 32.Kh3 1/2-1/2

[Event "48th Bosna it"]
[Site "Sarajevo BIH"]
[Date "2018.05.08"]
[Round "6.22"]
[White "Hoeneveld, Maarten"]
[Black "Dietmayer-Kraeutler, Marco"]
[Result "0-1"]
[WhiteElo "2045"]
[BlackElo "2318"]
[EventDate "2018.05.05"]
[PlyCount "48"]

1.e4 d5 2.exd5 Qxd5 3.Nc3 Qa5 4.Nf3 Nf6 5.Bc4 Bf5 6.d3 Bg4 7.h3 Qh5 8.Nb5 
Bxf3 9.gxf3 Na6 10.Be3 c6 11.Nxa7 e6 12.c3 Qa5 13.a3 Nc7 14.b4 Qe5 15.Kd2 
Nfd5 16.Bd4 Qf4+ 17.Kc2 c5 18.bxc5 Rxa7 19.c6 b6 20.a4 Bc5 21.Bxc5 bxc5 
22.Rg1 O-O 23.Ra3 Qh2 24.Qf1 Ne3+ 0-1

[Event "48th Bosna it"]
[Site "Sarajevo BIH"]
[Date "2018.05.08"]
[Round "6.23"]
[White "Cerovic, Danilo"]
[Black "Pantovic, Dragan"]
[Result "1-0"]
[WhiteElo "2307"]
[BlackElo "2107"]
[EventDate "2018.05.05"]
[PlyCount "29"]

1.e4 d6 2.d4 Nf6 3.Nc3 g6 4.Be3 c6 5.Qd2 Nbd7 6.Nf3 b5 7.Bd3 Nb6 8.h3 b4 
9.Ne2 a5 10.Ng3 Qc7 11.O-O Bg7 12.Bh6 O-O 13.e5 Nfd5 14.Bxg7 Kxg7 15.Nh5+ 
1-0

[Event "48th Bosna it"]
[Site "Sarajevo BIH"]
[Date "2018.05.08"]
[Round "6.24"]
[White "Urh, Zala"]
[Black "Pecnik, Leo"]
[Result "1-0"]
[WhiteElo "2040"]
[BlackElo "2299"]
[EventDate "2018.05.05"]
[PlyCount "121"]

1.d4 Nf6 2.c4 e5 3.dxe5 Ne4 4.a3 d6 5.Qc2 d5 6.e3 Nc6 7.Nf3 Bf5 8.Bd3 Bg6 
9.O-O Ng5 10.Nxg5 Qxg5 11.f4 Bxd3 12.Qxd3 dxc4 13.Qxc4 Qg4 14.Nc3 O-O-O 
15.Nb5 g5 16.h3 Qd7 17.Nc3 Qd3 18.Qxd3 Rxd3 19.Ne4 Be7 20.Bd2 Rg8 21.Kh2 
Rgd8 22.Bc3 Rxe3 23.Nxg5 Rg8 24.Rae1 Rxe1 25.Rxe1 Bxg5 26.fxg5 Rxg5 27.g4 
Kd7 28.Kg3 Rg6 29.Rf1 Ke6 30.Rf5 Ne7 31.Rh5 Nd5 32.Bd2 f6 33.Rxh7 fxe5 34.
Rh6 Rxh6 35.Bxh6 c5 36.Kf3 b5 37.Bf8 c4 38.Bb4 Nf4 39.h4 Nd3 40.Bc3 a5 41.
Bxa5 Nxb2 42.h5 Nd3 43.Bd2 Nc5 44.Be3 Nd3 45.Ke4 b4 46.axb4 Nxb4 47.g5 Nd5
48.h6 Ne7 49.Bb6 Kf7 50.Kxe5 Kg6 51.Be3 c3 52.Ke4 Nc6 53.Kd3 Ne5+ 54.Kxc3 
Nf7 55.Kd4 Kf5 56.Kd5 Kg6 57.Ke6 Nd8+ 58.Ke7 Nf7 59.Kf8 Kh7 60.Kxf7 Kh8 
61.Kg6 1-0

[Event "48th Bosna it"]
[Site "Sarajevo BIH"]
[Date "2018.05.08"]
[Round "6.25"]
[White "Selimovic, Amir"]
[Black "Vajic, Goran"]
[Result "0-1"]
[WhiteElo "1932"]
[BlackElo "2294"]
[EventDate "2018.05.05"]
[PlyCount "70"]

1.e4 e5 2.Nf3 Nf6 3.Nxe5 d6 4.Nf3 Nxe4 5.Qe2 Qe7 6.d3 Nf6 7.Bg5 Be6 8.Nc3 
h6 9.Bd2 Nc6 10.h3 O-O-O 11.O-O-O g5 12.g4 Bg7 13.Bg2 Rhe8 14.Rhe1 Qf8 15.
Qf1 Qh8 16.Nh2 Nb4 17.a3 Nbd5 18.Qh1 c6 19.Nf1 Nxc3 20.Bxc3 Nd5 21.Bxg7 
Qxg7 22.Bxd5 Bxd5 23.Qh2 Bf3 24.Ne3 Bxd1 25.Rxd1 Qe5 26.Qg2 d5 27.Nf5 Qf4+
28.Kb1 Re2 29.Nxh6 Rde8 30.Nf5 Rxf2 31.Qg1 Ree2 32.Rc1 Rxc2 33.Re1 Rxb2+ 
34.Ka1 Ra2+ 35.Kb1 Rfb2# 0-1

[Event "48th Bosna it"]
[Site "Sarajevo BIH"]
[Date "2018.05.08"]
[Round "6.26"]
[White "Konjicanin, Muris"]
[Black "Bucan, Eldin"]
[Result "1-0"]
[WhiteElo "2289"]
[BlackElo "2115"]
[EventDate "2018.05.05"]
[PlyCount "117"]

1.d4 Nf6 2.Nf3 e6 3.c4 Bb4+ 4.Nbd2 O-O 5.g3 d5 6.Qc2 Nc6 7.Bg2 Re8 8.O-O 
Bd6 9.e4 dxe4 10.Nxe4 Nxe4 11.Qxe4 h6 12.Rd1 Qf6 13.c5 Be7 14.Bf4 Bd8 15.
d5 Nb8 16.Rac1 g5 17.Be5 Qf5 18.Qxf5 exf5 19.Re1 Nd7 20.Bd4 Re4 21.Rcd1 
Be7 22.c6 Nb6 23.Ne5 Rxe1+ 24.Rxe1 Kf8 25.cxb7 Bxb7 26.d6 cxd6 27.Bxb7 Rb8
28.Bxb6 dxe5 29.Bc7 Rxb7 30.Bxe5 f6 31.Bd4 Rd7 32.Bc3 Kf7 33.Kf1 Bc5 34.
Rc1 Bb6 35.Ke2 Re7+ 36.Kf1 Rd7 37.Re1 h5 38.Re2 h4 39.gxh4 g4 40.Rd2 Rxd2 
41.Bxd2 Bc7 42.Kg2 Kg6 43.b4 a6 44.a4 Kh5 45.Bc3 Bd8 46.b5 axb5 47.axb5 
Kxh4 48.Bd4 f4 49.Ba7 f3+ 50.Kf1 Be7 51.Bb8 Bc5 52.Bc7 Kh3 53.b6 Bxb6 54.
Bxb6 f5 55.Bc7 Kh4 56.Bf4 Kh5 57.Ke1 Kh4 58.Kd2 Kh3 59.Ke3 1-0

[Event "48th Bosna it"]
[Site "Sarajevo BIH"]
[Date "2018.05.08"]
[Round "6.27"]
[White "Subelj, Jan"]
[Black "Petrovic, Marija"]
[Result "1-0"]
[WhiteElo "2284"]
[BlackElo "2083"]
[EventDate "2018.05.05"]
[PlyCount "95"]

1.e4 e5 2.Nf3 Qe7 3.Nc3 c6 4.d4 d6 5.Bc4 h6 6.h3 Nf6 7.dxe5 dxe5 8.a4 Qc7 
9.O-O Nbd7 10.b3 a5 11.Bb2 Bc5 12.Qe2 O-O 13.Nh4 Re8 14.Qf3 Nf8 15.Ne2 Be6
16.Bd3 Ng6 17.Nxg6 fxg6 18.Qg3 Bf7 19.Kh1 Rad8 20.Rad1 Nh5 21.Qh2 g5 22.g3
Rd7 23.f3 Red8 24.h4 gxh4 25.gxh4 Re8 26.Bc1 Qd8 27.Ng3 Qf6 28.Nf5 Kh7 29.
Bb2 Nf4 30.Qxf4 exf4 31.Bxf6 gxf6 32.Bc4 Rxd1 33.Rxd1 Bh5 34.Rd7+ Kh8 35.
Kg2 b5 36.Bf7 Bxf7 37.Rxf7 Re6 38.h5 bxa4 39.bxa4 Bb4 40.Kh3 Bc3 41.Rf8+ 
Kh7 42.Rf7+ Kh8 43.Nxh6 Rd6 44.Kg4 Rd8 45.Kf5 Rd6 46.Rb7 Rd2 47.Kg6 Rg2+ 
48.Ng4 1-0

[Event "48th Bosna it"]
[Site "Sarajevo BIH"]
[Date "2018.05.08"]
[Round "6.28"]
[White "Hodzic, Nihad"]
[Black "Kozarcanin, Sead"]
[Result "1-0"]
[WhiteElo "2280"]
[BlackElo "2066"]
[EventDate "2018.05.05"]
[PlyCount "117"]

1.d4 d5 2.c4 c6 3.Nc3 Nf6 4.e3 Bf5 5.cxd5 cxd5 6.Qb3 Qb6 7.Qxb6 axb6 8.Nb5
Na6 9.Bd2 Ne4 10.Rc1 Nxd2 11.Kxd2 Rc8 12.Rxc8+ Bxc8 13.a3 Bd7 14.Nf3 f6 
15.Bd3 Kd8 16.Rc1 e6 17.Rc3 Bxb5 18.Bxb5 Nc7 19.Bd3 Kd7 20.Ne1 Bd6 21.h3 
h5 22.Nc2 h4 23.Rb3 Kc6 24.Nb4+ Bxb4+ 25.Rxb4 f5 26.Rb3 g5 27.Rc3+ Kd6 28.
Rc1 g4 29.Rh1 Ne8 30.Ke2 Nf6 31.hxg4 fxg4 32.f3 Nh5 33.Rh2 Ng3+ 34.Ke1 
gxf3 35.gxf3 e5 36.dxe5+ Kxe5 37.f4+ Kf6 38.Kf2 Ne4+ 39.Kf3 Nc5 40.Bc2 h3 
41.b4 Ne6 42.Bb3 d4 43.Bxe6 Kxe6 44.exd4 Kf5 45.d5 Rh5 46.Ke3 Kg4 47.Ke4 
Kg3 48.Rxh3+ Rxh3 49.d6 Rh1 50.f5 Re1+ 51.Kd5 Kg4 52.f6 Kg5 53.f7 Rf1 54.
d7 Kg6 55.Ke6 Re1+ 56.Kd6 Kxf7 57.d8=Q Rd1+ 58.Kc7 Rxd8 59.Kxd8 1-0

[Event "48th Bosna it"]
[Site "Sarajevo BIH"]
[Date "2018.05.08"]
[Round "6.30"]
[White "Sitnic, Adnan"]
[Black "Salkic, Mahir"]
[Result "1/2-1/2"]
[WhiteElo "2187"]
[BlackElo "2033"]
[EventDate "2018.05.05"]
[PlyCount "130"]

1.e4 e6 2.d4 d5 3.e5 c5 4.c3 Nc6 5.Nf3 Bd7 6.Be2 Qb6 7.O-O cxd4 8.cxd4 
Nge7 9.Na3 Nf5 10.Nc2 Be7 11.Qd3 f6 12.b4 O-O 13.b5 fxe5 14.bxc6 e4 15.Qb5
exf3 16.Qxb6 axb6 17.cxd7 fxe2 18.Re1 Rfd8 19.Rxe2 Kf7 20.g4 Nh4 21.Bf4 
Rxd7 22.Rb1 Ra4 23.Rb3 Bf6 24.Bg3 Rxa2 25.Rxb6 Nf3+ 26.Kf1 Nxd4 27.Nxd4 
Ra1+ 28.Kg2 Bxd4 29.Rbxe6 b5 30.Be5 Ra4 31.Bxd4 Rxd4 32.h3 Rb7 33.R6e5 g6 
34.R5e3 b4 35.Rf3+ Kg7 36.Rb2 Rc4 37.Rd3 d4 38.Kf3 Kf6 39.Ke4 Rd7 40.f4 
Ke6 41.h4 Rd5 42.h5 gxh5 43.f5+ Kd6 44.gxh5 Re5+ 45.Kf4 Re3 46.Rdd2 Rh3 
47.Kg5 Rg3+ 48.Kf6 b3 49.h6 Kd5 50.Re2 Rcc3 51.Kf7 Rgf3 52.Rf2 Rxf2 53.
Rxf2 Rc2 54.Rf1 b2 55.Rb1 d3 56.f6 d2 57.Kg8 Rc1 58.f7 Rxb1 59.f8=Q Rg1+ 
60.Kh8 b1=Q 61.Qc5+ Ke4 62.Qe3+ Kf5 63.Qf4+ Kg6 64.Qf6+ Kh5 65.Qh4+ Kxh4 
1/2-1/2

[Event "48th Bosna it"]
[Site "Sarajevo BIH"]
[Date "2018.05.08"]
[Round "6.31"]
[White "Yerden, Huseyin Eren"]
[Black "Vlatkovic, Milos"]
[Result "0-1"]
[WhiteElo "1975"]
[BlackElo "2318"]
[EventDate "2018.05.05"]
[PlyCount "128"]

1.d4 Nf6 2.c4 e6 3.g3 Bb4+ 4.Bd2 c5 5.Nf3 O-O 6.Bg2 d6 7.O-O Nc6 8.a3 Bxd2
9.Qxd2 Qb6 10.e3 Na5 11.dxc5 dxc5 12.Qc2 Nb3 13.Ra2 Bd7 14.Nbd2 Nxd2 15.
Nxd2 Bc6 16.Bxc6 Qxc6 17.b4 b6 18.b5 Qb7 19.a4 a5 20.bxa6 Rxa6 21.Nb1 h5 
22.Nc3 Rd8 23.Qe2 Qc7 24.Rd2 Rxd2 25.Qxd2 Ra8 26.Rd1 Qe5 27.Qd3 h4 28.Kg2 
g6 29.e4 Qh5 30.f3 Kg7 31.g4 Qe5 32.Qe3 g5 33.Qd2 Ra7 34.Qe3 Ra8 35.Rd3 
h3+ 36.Kg1 Ra7 37.Qd2 Rd7 38.Rxd7 Nxd7 39.Ne2 Nf6 40.Kf1 Ne8 41.Ng3 Nd6 
42.Ke2 Kg6 43.Qc2 Kf6 44.Qb3 Qd4 45.Nh5+ Kg6 46.Qd3 Qb2+ 47.Kd1 Qa1+ 48.
Ke2 Qa2+ 49.Ke1 Qa1+ 50.Ke2 Qe5 51.Ke3 Qxh2 52.e5+ Nf5+ 53.gxf5+ Kxh5 54.
fxe6 Qxe5+ 55.Kf2 Qxe6 56.Qh7+ Qh6 57.Qxf7+ Qg6 58.Qd7 Qc2+ 59.Ke1 Qc3+ 
60.Kf2 Qd4+ 61.Qxd4 cxd4 62.a5 bxa5 63.c5 h2 64.Kg2 h1=Q+ 0-1

[Event "48th Bosna it"]
[Site "Sarajevo BIH"]
[Date "2018.05.08"]
[Round "6.32"]
[White "Okovic, Edin"]
[Black "Maksimovic, Bojan"]
[Result "1/2-1/2"]
[WhiteElo "1879"]
[BlackElo "2301"]
[EventDate "2018.05.05"]
[PlyCount "100"]

1.Nf3 c5 2.c4 Nf6 3.g3 g6 4.b3 Bg7 5.Bb2 O-O 6.Bg2 Nc6 7.O-O d6 8.d4 cxd4 
9.Nxd4 Bd7 10.Nd2 Nxd4 11.Bxd4 Bc6 12.e4 a5 13.a4 Nd7 14.Bxg7 Kxg7 15.Re1 
Kg8 16.Nf3 Nc5 17.Nd4 e5 18.Nb5 Bxb5 19.cxb5 Ne6 20.Rc1 Nd4 21.h4 Rc8 22.
Qd3 Qb6 23.h5 Rc5 24.Rc4 Rxc4 25.bxc4 Qc5 26.h6 Qb4 27.Ra1 Rc8 28.Bf1 Qb2 
29.Rd1 Rd8 30.Qe3 f6 31.Kg2 Kf7 32.Rd2 Qb4 33.g4 g5 34.Rd3 b6 35.Qh3 Ne6 
36.Rf3 Nf4+ 37.Rxf4 exf4 38.Qd3 Qc5 39.e5 Kg8 40.exf6 Qe5 41.f7+ Kh8 42.
Qf3 Qf6 43.Qb7 Rf8 44.Qxb6 Rxf7 45.Qxa5 f3+ 46.Kg1 Qxh6 47.Qd8+ Kg7 48.a5 
Qh4 49.Qxd6 Rf4 50.Qe7+ Kg8 1/2-1/2

[Event "48th Bosna it"]
[Site "Sarajevo BIH"]
[Date "2018.05.08"]
[Round "6.33"]
[White "Obad, Andrija"]
[Black "Korjenic, Esef"]
[Result "1-0"]
[WhiteElo "2280"]
[BlackElo "1939"]
[EventDate "2018.05.05"]
[PlyCount "85"]

1.e4 c5 2.Nf3 Nc6 3.d4 cxd4 4.Nxd4 d6 5.Nc3 Nf6 6.Bg5 Nd7 7.Ndb5 Nb6 8.Qd2
a6 9.Nd4 h6 10.Nxc6 bxc6 11.Be3 e6 12.O-O-O c5 13.Bxc5 Be7 14.Bxd6 O-O 15.
Bxe7 Qxe7 16.Qd6 Qb7 17.Be2 Bd7 18.Rd4 Bc6 19.Rhd1 Rfc8 20.f3 Rab8 21.Qa3 
Ra8 22.Qa5 Rcb8 23.Rb4 Qc7 24.g3 Bb5 25.Bxb5 axb5 26.Qxb5 Na4 27.Qd7 Qxd7 
28.Rxb8+ Rxb8 29.Rxd7 Nxb2 30.Rc7 h5 31.h4 Kf8 32.a4 Rb4 33.a5 Na4 34.Nxa4
Rxa4 35.Rc5 f6 36.Kb2 Ke7 37.Kb3 Ra1 38.Kb4 Kd6 39.Rc3 g5 40.Ra3 Rb1+ 41.
Kc4 Kc7 42.a6 Kb8 43.Rb3+ 1-0

[Event "48th Bosna it"]
[Site "Sarajevo BIH"]
[Date "2018.05.08"]
[Round "6.34"]
[White "Celik, Eda"]
[Black "Angun, Batu"]
[Result "0-1"]
[WhiteElo "1831"]
[BlackElo "2152"]
[EventDate "2018.05.05"]
[PlyCount "76"]

1.e4 c5 2.Nf3 d6 3.Bb5+ Bd7 4.Bxd7+ Nxd7 5.O-O Ngf6 6.Qe2 e6 7.b3 g6 8.Bb2
Bg7 9.c4 O-O 10.d4 cxd4 11.Nxd4 a6 12.Nc3 Qc7 13.Rfd1 Rfd8 14.Rac1 Rac8 
15.Rc2 Nc5 16.b4 Ncd7 17.Nb1 Qb6 18.a3 Ne5 19.Nd2 Qc7 20.f4 Nc6 21.N2f3 
Nxd4 22.Bxd4 b5 23.Rdc1 Qb7 24.cxb5 Rxc2 25.Rxc2 axb5 26.Nd2 Ng4 27.Qxg4 
Bxd4+ 28.Kh1 Rc8 29.Qd1 Be3 30.g3 Ra8 31.Rc3 Bxd2 32.Qxd2 Qxe4+ 33.Kg1 d5 
34.Rc5 d4 35.Re5 Qc6 36.Qxd4 Rxa3 37.Rc5 Qa8 38.Rxb5 Ra2 0-1